000 00558nam a22001697a 4500
005 20241118152316.0
008 241024b |||||||| |||| 00| 0 eng d
020 _a9781774694121
082 _aDC 363.7 N143 2023
100 _aNaidoo, Shalinee.
_963445
245 _aEnvironmental science for beginners /
_cShalinee Naidoo.
260 _aCanada :
_bDelve Publishing,
_c©2023.
300 _axvii, 256 pages :
_billustrations (some color) ;
_c23 cm.
500 _aIncludes references and index.
650 0 _aEnvironmental sciences.
_964244
942 _2ddc
_cDC
999 _c22900
_d22900